Slogans publicitaires - Statistiques

Statistiques générales
  • Ce quiz a été pris 698 fois
  • Le résultat moyen est 25 sur 50
Statistiques - réponses
Slogans Marques % Correct
-------- répare, -------- remplace Carglass
90%
Zéro tracas, zéro blabla MMA
89%
Just do it Nike
89%
C'est beau la vie, pour les grands et les petits Haribo
87%
What else ? Nespresso
83%
Venez comme vous êtes McDonald
80%
Je suis passé chez ---- Sosh
80%
On se lève tous pour ....... Danette
78%
Parce que je le vaux bien L'Oréal
74%
Les mousquetaires de la distribution Intermarché
73%
A fond la forme ! Décathlon
69%
Secouez-moi, secouez-moi ! Orangina
69%
Les lave-linge durent plus longtemps avec ----- Calgon
68%
Quand c'est trop c'est ------- Tropico
67%
Il est fou -------- Afflelou
65%
Love, sex, ----- Durex
65%
......, y'en a pas deux Lapeyre
63%
La perfection au masculin Gillette
61%
---- et ça repart Mars
60%
-------, au bon lait de brebis! Salakis
57%
Il a --- , il a tout compris Free
56%
Quand y en a marre, y a ------- ! Malabar
56%
L'ami du petit déjeuner Ricoré
55%
Fraîcheur de vivre Hollywood
54%
Va donc, va donc chez ------ ! Speedy
52%
Le saucisson comme on l'aime chez nous Cochonou
51%
Heureusement, il y a ------ Findus
51%
Par amour du goût Amora
50%
Think different Apple
49%
Faire du ciel le plus bel endroit de la terre Air France
48%
Du pain , du vin, du ------- Boursin
48%
100 % des gagnants ont tenté leur chance Française des Jeux
43%
Le fromage des gastronomes en culottes courtes ! Kiri
41%
Avec -------- je positive ! Carrefour
37%
Et le tigre est en toi ! Frosties
37%
Le contrat de confiance Darty
36%
Le poids des mots le choc des photos ! Paris Match
27%
Le roi de la pomme de terre Vico
27%
---- c'est plus fort que toi Sega
25%
Buvez, éliminez ! Vittel
21%
Dubo, Dubon,-------- Dubonnet
20%
C'est bon comme là-bas dit ! Garbit
20%
Faites pousser vos idées ! Jardiland
20%
Reviens Léon, j'ai les mêmes à la maison ! Panzani
18%
Elle a tout d'une grande Renault Clio
17%
---, c'est bien Seb
17%
Craposto, basta fuite Omo
12%
Il faudrait être fou pour dépenser plus Eram
11%
Un goût de paradis Bounty
8%
On en a une énorme envie ! Nesquik
8%
Aucun quiz correspondant
Distribution des résultats
% des personnes avec chaque résultat
Percentile par nombre de réponses
Votre historique - résultats
Vous n’avez pas pris ce quiz